00821nam a2200217 a 450000100100000000500170001000800410002702000150006804000250008308200160010810000290012424501420015326001050029530000310040050400730043170000190050470000230052370000210054670000170056770000190058400001774320240305132039.0100331s2004 dr d 000 0 spa d a9993487074 aDO-SdBNPbspacBNPHU axxxxbH344d1 aHasbún José, Douglas10aDesafíos del gasto social y la política de empleo /cDouglas Hasbún José [et...al.]. ; presentación Thomas Manz, Ramonina Brea. aSanto Domingo :bFundacin Friedrich EbertbPontificia Universidad Católica Madre y Maestra,c2004. a137 p. :bdiagr. ;c22 cm. aIncluye referencias bibliográficas y notas al pie de las páginas1 aReyes, Rolando1 aLizardo, Magdalena1 aRathe, Magdalena1 aManz, Thomas1 aBrea, Ramonina